Catálogo
 En Linea
Vista normal Vista MARC

Entrada Nombre personal

Número de registros utilizados en: 1

001 - NÚMERO DE CONTROL

  • campo de control: 33440

003 - IDENTIFICADOR DEL NÚMERO DE CONTROL

  • campo de control: BNPHU

005 - FECHA Y HORA DE LA ÚLTIMA TRANSACCIÓN

  • campo de control: 20240305102638.0

008 - DATOS DE LONGITUD FIJA

  • campo de control de longitud fija: 200615|| aca||aabn | a|a d

040 ## - FUENTE DE LA CATALOGACIÓN

  • Centro catalogador/agencia de origen: DO-SdBN
  • Lengua de catalogación: spa
  • Centro/agencia transcriptor: BNPHU
  • Normas de descripción: rda

100 1# - ENCABEZAMIENTO-NOMBRE DE PERSONA

  • Nombre de persona: Robustiano Peña, Víctor,
  • Fechas asociadas al nombre: 1950-

370 ## - LUGAR ASOCIADO

  • Lugar de nacimiento: Santiago de los Caballeros (República Dominicana)

373 ## - GRUPO ASOCIADO

  • Grupo asociado: República Dominicana. Tribunal Superior Administrativo

374 ## - OCUPACIÓN

  • Ocupación: Abogado

375 ## - GÉNERO/SEXO

  • Género/Sexo: Masculino

377 ## - LENGUA/LENGUAJE ASOCIADO

  • Código del idioma: spa

400 1# - TRAZADO DE VÉASE--NOMBRE DE PERSONA

  • Nombre de persona: Peña, Víctor Robustiano,
  • Fechas asociadas al nombre: 1950-

670 ## - FUENTE DE DATOS ENCONTRADOS

  • Cita de la fuente: Work cat.: (OSt)14334: Robustiano Peña, Víctor 1950-, Jurisprudencia contenciosa tributaria /, 2007.

Con tecnología Koha